Amarikee dershan ka itehas (Record no. 1347950)

MARC details
000 -LEADER
fixed length control field 00498nam a2200181Ia 4500
005 - DATE AND TIME OF LATEST TRANSACTION
control field 20250508154136.0
008 - FIXED-LENGTH DATA ELEMENTS--GENERAL INFORMATION
fixed length control field 008 250505s9999 xx 000 0 eng d
037 ## - SOURCE OF ACQUISITION
Stock number Textual
040 ## - CATALOGING SOURCE
Original cataloging agency FEDL
Language of cataloging eng
Transcribing agency FEDL
041 ## - LANGUAGE CODE
Language code of text/sound track or separate title eng
Source of code eng
084 ## - COLON CLASSIFICATION NUMBER
Classification number 191, SHN
Assigning agency FEDL
100 ## - MAIN ENTRY--PERSONAL NAME
Personal name Shnider Herbert W.
9 (RLIN) 765142
245 #0 - TITLE STATEMENT
Title Amarikee dershan ka itehas
260 ## - PUBLICATION, DISTRIBUTION, ETC.
Place of publication, distribution, etc. Allahabad, India
Name of publisher, distributor, etc. Hindustani Academy
Date of publication, distribution, etc. 1946
300 ## - PHYSICAL DESCRIPTION
Extent 369p.
942 ## - ADDED ENTRY ELEMENTS (KOHA)
Koha item type Textual
Classification part 191, SHN
Holdings
Withdrawn status Lost status Damaged status Not for loan Home library Current library Date acquired Total Checkouts Full call number Barcode Date last seen Price effective from Koha item type
        Department of Education Library Department of Education Library 2025-05-08   191, SHN EL0031627 2025-05-08 2025-05-08 Textual
Copyright @ Delhi University Library System